ジブリ映画の英題(選択式) - Statistics

General Stats
  • This quiz has been taken 111 times
  • The average score is 8 of 15
Answer Stats
Question Answer % Correct
千と千尋の神隠し(2001) Spirited Away
65%
耳をすませば(1995) Whisper of the Heart
64%
魔女の宅急便(1989) Kiki's Delivery Service
62%
風立ちぬ(2013) The Wind Rises
61%
ハウルの動く城(2004) Howl's Moving Castle
58%
もののけ姫(1997) Princess Mononoke
56%
火垂るの墓(1988) Grave of the Fireflies
54%
紅の豚(1992) Porco Rosso
51%
猫の恩返し(2002) The Cat Returns
51%
となりのトトロ(1988) My Neighbor Totoro
49%
風の谷のナウシカ(1984) Nausicaä of the Valley of the Wind
47%
天空の城ラピュタ(1986) Castle in the Sky
44%
崖の上のポニョ(2008) Ponyo on the Cliff by the Sea
36%
平成狸合戦ぽんぽこ(1994) Pom Poko
33%
借りぐらしのアリエッティ(2010) Arrietty
25%
No matching quizzes found
Score Distribution
Percent of People with Each Score
Percentile by Number Answered
Your Score History
You have not taken this quiz